Especificaciones generales para normalizar la adquisición de reconectadores automáticos en media tensión
Gorde:
| Egile nagusia: | |
|---|---|
| Formatua: | Liburua |
| Argitaratua: |
San José, C.R.
1997
|
| Gaiak: | |
| Etiketak: |
Etiketa erantsi
Etiketarik gabe, Izan zaitez lehena erregistro honi etiketa jartzen!
|
MARC
| LEADER | 00000nam a2200000Ia 4500 | ||
|---|---|---|---|
| 003 | 008287 | ||
| 005 | 20221231144228.0 | ||
| 008 | 140114s1997 cr a m 000 ||s d | ||
| 040 | |c cru CEDI | ||
| 090 | |a TFG 3720 | ||
| 100 | |a González Sáenz, Ricardo Alfonso |9 9301 | ||
| 245 | |a Especificaciones generales para normalizar la adquisición de reconectadores automáticos en media tensión | ||
| 260 | |c 1997 |a San José, C.R. | ||
| 300 | |a x, 130 hojas : ilustraciones | ||
| 500 | |a Proyecto de graduación (bachillerato en ingeniería eléctrica)--Universidad de Costa Rica. Facultad de Ingeniería. Escuela de Ingeniería Eléctrica | ||
| 650 | |x CONTROL AUTOMATICO |x DINAMOS |9 9302 | ||
| 942 | |c TFG | ||
| 999 | |c 18753 |d 18753 | ||
